Movies Cut Off at N Quiz Stats

 Plays Quiz Updated Apr 3, 2015

Challenge
Share
Tweet
Embed
Score 0/30 Timer 06:00
0 Plays Today
Cut Off at N Movie Title % Correct
Hotel RwaHotel Rwanda
97.2%
MouliMoulin Rouge
93.8%
ShawshaShawshank Redemption
92.7%
GoldfiGoldfinger
91.9%
SchiSchindler's List
90.7%
Terms of ETerms of Endearment
89.9%
SweeSweeney Todd
89.2%
SabriSabrina
88.3%
The Full MoThe Full Monty
87.2%
LawreLawrence of Arabia
87%
Three KiThree Kings
86%
L.A. CoL.A. Confidential
84.7%
BadlaBadlands
83.9%
Cool HaCool Hand Luke
83%
MulhollaMulholland Dr.
78.5%
Cut Off at N Movie Title % Correct
The Royal TeThe Royal Tenenbaums
78.4%
This Is SpiThis Is Spinal Tap
77.7%
12 Mo12 Monkeys
74.2%
BoyzBoyz 'N the Hood
74.1%
The Age of IThe Age of Innocence
71.1%
The ToweriThe Towering Inferno
69.1%
A RaisiA Raisin in the Sun
59.6%
Last TaLast Tango in Paris
55.5%
BartoBarton Fink
51.2%
The RemaiThe Remains of the Day
48.7%
The DefiaThe Defiant Ones
43.8%
How GreeHow Green Was My Valley
36.5%
Mad Dog aMad Dog and Glory
18.3%
The LaveThe Lavender Hill Mob
14.8%
MelviMelvin and Howard
10.7%

You're not logged in!

Compare scores with friends on all Sporcle quizzes.
Join for Free
OR
Log In

You Might Also Like...

Show Comments

Extras

Top Quizzes Today


Score Distribution

Your Account Isn't Verified!

In order to create a playlist on Sporcle, you need to verify the email address you used during registration. Go to your Sporcle Settings to finish the process.

Report this User

Report this user for behavior that violates our Community Guidelines.

Details: